[Event "Niedersachsen-ch op-A"]
[Site "Verden an der Aller"]
[Date "2020.01.04"]
[Round "5"]
[White "Loecken, Siegfried"]
[Black "Meyer, Heinz Dieter"]
[Result "1/2-1/2"]
[WhiteElo "2001"]
[BlackElo "2102"]
[PlyCount "58"]
[EventDate "2020.01.02"]
[EventType "swiss"]
[EventRounds "7"]
[EventCountry "GER"]
[SourceTitle "EXT 2023"]
[Source "ChessBase"]
[SourceDate "2022.10.05"]
[SourceVersion "1"]
[SourceVersionDate "2022.10.05"]
[SourceQuality "1"]

1. e4 c5 2. d3 Nc6 3. Nd2 g6 4. g3 Bg7 5. Bg2 e5 6. Ngf3 Nge7 7. 0-0 0-0 8. c3 d6 9. Re1 h6 10. Nc4 Be6 11. a4 Qc7 12. Na3 d5 13. exd5 Nxd5 14. Nc4 Rfe8 15. Qe2 Rad8 16. Qf1 b6 17. Bd2 f5 18. Rad1 Bf7 19. Bc1 a6 20. Na3 Nde7 21. Nc4 Kh7 22. Qe2 Nd5 23. Qc2 b5 24. axb5 axb5 25. Na3 b4 26. Nb5 Qb6 27. c4 Nc7 28. Nxc7 Qxc7 29. b3 Rd7 1/2-1/2

[Event "Niedersachsen-ch op-A"]
[Site "Verden an der Aller"]
[Date "2020.01.03"]
[Round "4"]
[White "Schroeder, Boris"]
[Black "Loecken, Siegfried"]
[Result "0-1"]
[WhiteElo "2046"]
[BlackElo "2001"]
[PlyCount "51"]
[EventDate "2020.01.02"]
[EventType "swiss"]
[EventRounds "7"]
[EventCountry "GER"]
[SourceTitle "EXT 2023"]
[Source "ChessBase"]
[SourceDate "2022.10.05"]
[SourceVersion "1"]
[SourceVersionDate "2022.10.05"]
[SourceQuality "1"]

1. d4 Nf6 2. c4 c5 3. d5 e6 4. Nc3 exd5 5. cxd5 d6 6. e4 g6 7. h3 Bg7 8. Nf3 0-0 9. Bd3 a6 10. a4 Nbd7 11. 0-0 Re8 12. Bf4 Qc7 13. Bh2 c4 14. Bc2 Rb8 15. a5 b5 16. axb6 Rxb6 17. Ra2 Nc5 18. Re1 Nfd7 19. Qd2 Qb8 20. Rb1 Nb3 21. Qd1 Ndc5 22. Na4 Rb4 23. Nxc5 Nxc5 24. Nd4 Bd7 25. f3 Nd3 26. Nc6 0-1

[Event "Niedersachsen-ch op A"]
[Site "Verden"]
[Date "2019.01.05"]
[Round "6"]
[White "Loecken, Siegfried"]
[Black "Helmer, Jan"]
[Result "1-0"]
[WhiteElo "2021"]
[BlackElo "1850"]
[PlyCount "111"]
[EventDate "2019.01.03"]
[EventType "swiss"]
[EventRounds "7"]
[EventCountry "GER"]
[SourceTitle "EXT 2022"]
[Source "ChessBase"]
[SourceDate "2021.10.06"]
[SourceVersion "1"]
[SourceVersionDate "2021.10.06"]
[SourceQuality "1"]

1. e4 e6 2. d3 d5 3. Nd2 Nf6 4. Ngf3 Nc6 5. e5 Nd7 6. d4 a6 7. c3 Na7 8. Bd3 c5 9. 0-0 b5 10. Re1 Bb7 11. Nf1 Qb6 12. Be3 Be7 13. Rc1 Nc6 14. Bb1 a5 15. Ng3 b4 16. dxc5 Bxc5 17. cxb4 Bxe3 18. Rxe3 axb4 19. Nh5 g6 20. Nf6+ Nxf6 21. exf6 Kd7 22. Ng5 Nd8 23. Bc2 h6 24. Ba4+ Rxa4 25. Qxa4+ Bc6 26. Rxc6 Qxc6 27. Qxc6+ Kxc6 28. Nf3 Kc5 29. Ne5 Nc6 30. Nxf7 Rh7 31. Ne5 Nxe5 32. Rxe5 Kd6 33. Re3 Rf7 34. Rf3 e5 35. a3 bxa3 36. Rxa3 Kc5 37. Ra6 Kc4 38. Kf1 e4 39. Ke2 d4 40. f3 exf3+ 41. Kxf3 Rb7 42. Ke4 Rxb2 43. Ke5 Re2+ 44. Kd6 Rxg2 45. f7 Rf2 46. Ke7 d3 47. f8Q Rxf8 48. Kxf8 d2 49. Rd6 Kc3 50. Kg7 h5 51. Kxg6 h4 52. h3 Kc2 53. Kg5 d1Q 54. Rxd1 Kxd1 55. Kxh4 Ke2 56. Kg5 1-0

[Event "Niedersachsen-ch op A"]
[Site "Verden"]
[Date "2019.01.05"]
[Round "5"]
[White "Sauer, Joris"]
[Black "Loecken, Siegfried"]
[Result "0-1"]
[WhiteElo "1735"]
[BlackElo "2021"]
[PlyCount "66"]
[EventDate "2019.01.03"]
[EventType "swiss"]
[EventRounds "7"]
[EventCountry "GER"]
[SourceTitle "EXT 2022"]
[Source "ChessBase"]
[SourceDate "2021.10.06"]
[SourceVersion "1"]
[SourceVersionDate "2021.10.06"]
[SourceQuality "1"]

1. e4 Nf6 2. e5 Nd5 3. c4 Nb6 4. d4 d6 5. f4 dxe5 6. fxe5 Bf5 7. Nf3 e6 8. Be2 Be7 9. 0-0 0-0 10. Nc3 Nc6 11. a3 f6 12. Bf4 Bg4 13. d5 fxe5 14. Nxe5 Bxe2 15. Qxe2 exd5 16. Nxc6 bxc6 17. Qe6+ Kh8 18. Qxc6 dxc4 19. Rad1 Qe8 20. Qxc7 Bf6 21. Rde1 Qg6 22. Kh1 h6 23. Re3 Rf7 24. Qc6 Kh7 25. Rg3 Qf5 26. Rgf3 Rc8 27. Qd6 Rd7 28. Qb4 Rd3 29. Be3 Qe6 30. Bxb6 Rxf3 31. Rxf3 Qxb6 32. Rf1 Rd8 33. h3 Rd3 0-1

[Event "Pardubice Czech op-B 29th"]
[Site "Pardubice"]
[Date "2018.07.25"]
[Round "6"]
[White "Loecken, Siegfried"]
[Black "Usacheva, Glafira"]
[Result "0-1"]
[WhiteElo "2076"]
[BlackElo "1904"]
[PlyCount "108"]
[EventDate "2018.07.20"]
[EventType "swiss"]
[EventRounds "9"]
[EventCountry "CZE"]
[SourceTitle "CBM 186 Extra"]
[Source "ChessBase"]
[SourceDate "2018.08.24"]
[SourceVersion "1"]
[SourceVersionDate "2018.08.24"]
[SourceQuality "1"]

1. e4 c5 2. Nc3 Nc6 3. g3 Rb8 4. Bg2 b5 5. d3 g6 6. Be3 b4 7. Nce2 Bg7 8. Qc1 d6 9. h4 Nf6 10. Bh6 0-0 11. h5 Ne5 12. Nf3 Neg4 13. Bxg7 Kxg7 14. Nh2 e5 15. Nf1 Ng8 16. f3 N4f6 17. g4 Be6 18. Qd2 a5 19. Ne3 a4 20. Ng3 h6 21. hxg6 fxg6 22. g5 hxg5 23. Bh3 Bxh3 24. Rxh3 Nh6 25. Nc4 Nf7 26. 0-0-0 Qd7 27. Rh2 b3 28. cxb3 axb3 29. a3 Rh8 30. Rg2 Rh3 31. Rdg1 Rbh8 32. Qd1 Qb5 33. Ne2 Rh2 34. Nc3 Qb8 35. Nd2 Rxg2 36. Rxg2 Rh3 37. Nxb3 Qh8 38. Nd2 g4 39. fxg4 Rxd3 40. g5 Nh5 41. Nd5 Nf4 42. Nxf4 exf4 43. Rf2 Qh4 44. Qf1 Ne5 45. Rxf4 Qxg5 46. Kc2 Rg3 47. Rf2 Qe3 48. a4 Nd3 49. Rf7+ Kh6 50. Qh1+ Rh3 51. Qf1 Nb4+ 52. Kc1 Rh2 53. Qf4+ Qxf4 54. Rxf4 Nd3+ 0-1

[Event "Niedersachsen-ch op"]
[Site "Verden"]
[Date "2011.01.05"]
[Round "7"]
[White "Schneider, Alexander"]
[Black "Loecken, Siegfried"]
[Result "0-1"]
[WhiteElo "1969"]
[BlackElo "2122"]
[PlyCount "48"]
[EventDate "2011.01.02"]
[EventType "swiss"]
[EventRounds "7"]
[EventCountry "GER"]
[SourceTitle "EXT 2018"]
[Source "ChessBase"]
[SourceDate "2017.10.13"]
[SourceVersion "1"]
[SourceVersionDate "2017.10.13"]
[SourceQuality "1"]

1. d4 Nf6 2. c4 e5 3. dxe5 Ng4 4. Nf3 Bc5 5. e3 Nc6 6. Be2 0-0 7. 0-0 Re8 8. Bd2 Ngxe5 9. Nxe5 Nxe5 10. b4 Bf8 11. Bc3 a5 12. bxa5 Bc5 13. Nd2 Ra6 14. Nb3 Ba7 15. c5 Rh6 16. g3 d6 17. Bxe5 Rxe5 18. cxd6 cxd6 19. Qc2 Qd7 20. Rfc1 Bc5 21. Bf1 b6 22. axb6 Bb7 23. Nxc5 Rxc5 24. Qd2 Rxh2 0-1

[Event "Niedersachsen-ch op"]
[Site "Verden"]
[Date "2011.01.03"]
[Round "3"]
[White "Loecken, Siegfried"]
[Black "Klein, Manfred"]
[Result "1/2-1/2"]
[WhiteElo "2122"]
[BlackElo "1621"]
[PlyCount "108"]
[EventDate "2011.01.02"]
[EventType "swiss"]
[EventRounds "7"]
[EventCountry "GER"]
[SourceTitle "EXT 2018"]
[Source "ChessBase"]
[SourceDate "2017.10.13"]
[SourceVersion "1"]
[SourceVersionDate "2017.10.13"]
[SourceQuality "1"]

1. Nf3 Nf6 2. g3 e6 3. Bg2 c5 4. 0-0 Nc6 5. d3 d5 6. Nbd2 Bd6 7. e4 d4 8. Nc4 b5 9. Nxd6+ Qxd6 10. e5 Nxe5 11. Nxe5 Nd5 12. Re1 0-0 13. Bd2 f6 14. Nf3 e5 15. c4 bxc4 16. dxc4 Nb6 17. Qc2 Bb7 18. Ng5 d3 19. Qc3 Bxg2 20. Kxg2 fxg5 21. Bxg5 Qc6+ 22. Kg1 Qf3 23. Be3 e4 24. Bxc5 Na4 25. Qe5 Rfe8 26. Qd5+ Qf7 27. Ba3 Qxd5 28. cxd5 Rac8 29. d6 Nb6 30. Rad1 Kf7 31. f3 Nd7 32. Rxe4 Rxe4 33. fxe4 Ne5 34. Kf2 Rc2+ 35. Ke3 Ke6 36. h3 Rg2 37. Kd4 Rxg3 38. d7 Nc6+ 39. Kc3 Rxh3 40. Rxd3 Rxd3+ 41. Kxd3 Ne5+ 42. Ke3 Nxd7 43. b3 g5 44. Bb2 h5 45. Bd4 a6 46. b4 Nb8 47. a4 Nc6 48. b5 axb5 49. axb5 Na5 50. Kf3 Nb7 51. Be3 Kf6 52. Bb6 Ke6 53. Bc7 Kd7 54. b6 Nc5 1/2-1/2